Managerial Communication : Strategies and Applications / (Record no. 27588)

000 -LEADER
fixed length control field 00693 a2200217 4500
003 - CONTROL NUMBER IDENTIFIER
control field OSt
005 - DATE AND TIME OF LATEST TRANSACTION
control field 20241015181137.0
008 - FIXED-LENGTH DATA ELEMENTS--GENERAL INFORMATION
fixed length control field 241015b ||||| |||| 00| 0 eng d
020 ## - INTERNATIONAL STANDARD BOOK NUMBER
International Standard Book Number 9780071289344
Terms of availability Rs 2095.00
040 ## - CATALOGING SOURCE
Transcribing agency imu-kc
082 ## - DEWEY DECIMAL CLASSIFICATION NUMBER
Classification number 658.45
Item number H997
100 ## - MAIN ENTRY--PERSONAL NAME
9 (RLIN) 5683
Personal name Hynes, Geraldine E.
245 ## - TITLE STATEMENT
Title Managerial Communication : Strategies and Applications /
Statement of responsibility, etc. Geraldine E. Hynes
250 ## - EDITION STATEMENT
Edition statement 5th ed.
260 ## - PUBLICATION, DISTRIBUTION, ETC.
Name of publisher, distributor, etc. The McGraw-Hill Companies, Inc,
Place of publication, distribution, etc. New Delhi :
Date of publication, distribution, etc. c2011.
300 ## - PHYSICAL DESCRIPTION
Extent xv, 416 p. :
Other physical details ill. ;
Dimensions 24 cm
500 ## - GENERAL NOTE
General note McGraw Hill International edition
504 ## - BIBLIOGRAPHY, ETC. NOTE
Bibliography, etc. note Includes bibliographical references.
650 #0 - SUBJECT ADDED ENTRY--TOPICAL TERM
9 (RLIN) 5684
Topical term or geographic name entry element Managerial communication
942 ## - ADDED ENTRY ELEMENTS (KOHA)
Source of classification or shelving scheme
Koha item type Books
Holdings
Withdrawn status Lost status Source of classification or shelving scheme Damaged status Not for loan Permanent Location Current Location Shelving location Date acquired Source of acquisition Cost, normal purchase price Full call number Barcode Date last seen Cost, replacement price Price effective from Koha item type
          IMU Kolkata IMU Kolkata Reference 2024-10-16 26 1634.10 658.45 H997 14301 2024-10-16 2095.00 2024-10-16 Books
          IMU Kolkata IMU Kolkata   2024-10-16 26 1634.10 658.45 H997 14302 2024-10-16 2095.00 2024-10-16 Books
          IMU Kolkata IMU Kolkata   2024-10-16 26 1634.10 658.45 H997 14303 2024-10-16 2095.00 2024-10-16 Books
          IMU Kolkata IMU Kolkata   2024-10-16 26 1634.10 658.45 H997 14304 2024-10-16 2095.00 2024-10-16 Books
Designed and Maintained by IMU-KC Library, Kolkata Campus © Copyright All Rights Reserved

webs counters

Powered by Koha